Best NBA Players from each Franchise - Statistics

General Stats
  • This quiz has been taken 3,690 times
    3,632 since last reset
  • The average score is 65 of 90
Answer Stats
Franchise Answer % Correct
Lakers Kobe Bryant
98%
Cavaliers LeBron James
98%
Heat LeBron James
98%
Lakers Shaquille O'Neal
97%
Magic Shaquille O’Neal
97%
Bulls Michael Jordan
96%
Mavericks Dirk Nowitzki
94%
Warriors Stephen Curry
94%
Bucks Kareem Abdul-Jabbar
93%
Warriors Kevin Durant
93%
Thunder/Sonics Kevin Durant
93%
Nets Kevin Durant
93%
Bucks Giannis Antetokounmpo
92%
Lakers Magic Johnson
92%
Thunder/Sonics Russell Westbrook
92%
Bulls Scottie Pippen
92%
Heat Dwayne Wade
91%
Mavericks Luka Doncic
89%
Spurs Tim Duncan
89%
Cavaliers Kyrie Irving
88%
Celtics Larry Bird
88%
Nuggets Nikola Jokic
88%
Jazz Karl Malone
87%
Clippers Chris Paul
86%
Pelicans Chris Paul
86%
Rockets James Harden
86%
Raptors Kawhi Leonard
86%
Rockets Moses Malone
86%
76ers Moses Malone
86%
Warriors Wilt Chamberlain
86%
76ers Julius Erving
85%
Nets Julius Erving
85%
Trail Blazers Damian Lillard
84%
Timberwolves Kevin Garnett
84%
Jazz John Stockton
83%
Rockets Hakeem Olajuwon
82%
Celtics Bill Russell
81%
Spurs David Robinson
81%
Nuggets Carmelo Anthony
79%
Pacers Reggie Miller
79%
Suns Steve Nash
79%
76ers Allen Iverson
78%
Pistons Isiah Thomas
78%
Nets Jason Kidd
78%
Knicks Patrick Ewing
77%
Pelicans Anthony Davis
76%
Clippers Blake Griffin
76%
Bulls Derrick Rose
76%
Knicks Carmelo Anthony
75%
Suns Charles Barkley
75%
Kings Oscar Robertson
75%
Bucks Oscar Robertson
75%
Grizzlies Marc Gasol
73%
Grizzlies Pau Gasol
73%
Pelicans Baron Davis
70%
Pacers Paul George
69%
Hawks Dominique Wilkins
68%
Raptors Vince Carter
68%
Trail Blazers Clyde Drexler
66%
Suns Dennis Johnson
66%
Timberwolves Kevin Love
64%
Pacers Jermaine O'Neal
61%
Magic Penny Hardaway
60%
Hornets Alonzo Mourning
59%
Heat Alonzo Mourning
59%
Hornets Kemba Walker
59%
Magic Tracy McGrady
58%
Thunder/Sonics Gary Payton
57%
Timberwolves Karl-Anthony Towns
57%
Raptors Kyle Lowry
57%
Celtics Bob Cousy
56%
Trail Blazers Bill Walton
54%
Wizards Wes Unseld
54%
Spurs George Gervin
53%
Nuggets Alex English
52%
Hawks Bob Pettit
50%
Pistons Chauncey Billups
49%
Clippers Bob McAdoo
47%
Pistons Joe Dumars
47%
Knicks Walt Frazier
47%
Kings Chris Webber
45%
Grizzlies Zach Randolph
44%
Hawks Dikembe Mutombo
41%
Wizards Elvin Hayes
40%
Cavaliers Mark Price
39%
Wizards Gilbert Arenas
38%
Jazz Pete Maravich
36%
Hornets Glen Rice
27%
Mavericks Mark Aguirre
21%
Kings Mitch Richmond
17%
No matching quizzes found
Score Distribution
Percent of People with Each Score
Percentile by Number Answered
Your Score History
You have not taken this quiz since the last reset